| 000 | 01599nam a2200433Ii 4500 | ||
|---|---|---|---|
| 001 | DIGUNAU0216 | ||
| 003 | NyNyDIG | ||
| 006 | m o d | ||
| 007 | cr ||||||||||| | ||
| 008 | 230217s2021 ck o 000 0 spa d | ||
| 035 | _a(OCoLC)1371185783 | ||
| 040 |
_aDGITA _beng _erda _epn _cDGITA |
||
| 020 |
_z9789585495548 _qeBook |
||
| 020 | _z9789585495531 | ||
| 043 | _as-ck--- | ||
| 050 | 1 | 4 | _aPN4726 ebook |
| 100 | 1 |
_aMorales Gutiérrez, Alberto, _eauthor. |
|
| 245 | 1 | 0 |
_aPor llevar la contraria : _bejercicios de pensamiento / _cAlberto Morales Gutiérrez. |
| 264 | 1 |
_aMedellín : _bEdiciones UNAULA, _c[2021] |
|
| 300 | _a1 online resource. | ||
| 336 |
_atext _btxt _2rdacontent |
||
| 337 |
_acomputer _bc _2rdamedia |
||
| 338 |
_aonline resource _bcr _2rdacarrier |
||
| 347 |
_atext file _2rdaft |
||
| 347 | _bPDF | ||
| 490 | 1 | _aSerie Periodismo | |
| 588 | 0 | _aOnline resource; title from PDF title page (Digitalia, viewed February 17, 2023) | |
| 650 | 0 |
_aJournalism _zColombia. |
|
| 651 | 0 |
_aColombia _xPolitics and government. |
|
| 651 | 0 |
_aColombia _xSocial conditions. |
|
| 651 | 0 |
_aColombia _xEconomic conditions. |
|
| 791 | 2 |
_aDigitalia (Firm), _edistributor. |
|
| 793 | 0 |
_gDigitalia eBook Collection: _aEdiciones UNAULA |
|
| 776 | 0 | 8 |
_iPrint version: _aMorales Gutiérrez, Alberto. _tPor llevar la contraria. _bPrimera edición. _dMedellín : Ediciones UNAULA, 2021 _z9789585495531 |
| 830 | 0 | _aPeriodismo (Ediciones UNAULA) | |
| 856 | 4 | 0 |
_3Digitalia Hispánica _uhttps://www.digitaliapublishing.com/a/119423/ |
| 910 | _aPremium collection: 2023 | ||
| 942 | _cRAA | ||
| 999 |
_c276032 _d276032 |
||